Statistics for Emily I'm Sorry - boygenius (Lyrics)

Click here to take the quiz!

General Stats

  • This quiz has been taken 21 times
  • The average score is 168 of 180

Answer Stats

Answer% Correct
a
100%
along
100%
And
100%
and
100%
as
100%
back
100%
can
100%
Emily
100%
feel
100%
for
100%
forgive
100%
get
100%
go
100%
I
100%
I'll
100%
I'm
100%
it
100%
job
100%
just
100%
Just
100%
know
100%
Make
100%
me
100%
no
100%
school
100%
so
100%
sorry
100%
the
100%
to
100%
up
100%
We
100%
we
100%
When
100%
when
100%
where
100%
am
93%
baby
93%
becoming
93%
But
93%
called
93%
coming
93%
could
93%
don't
93%
fucking
93%
In
93%
in
93%
liar
93%
lost
93%
Montreal
93%
myself
93%
North
93%
not
93%
one
93%
out
93%
pointed
93%
real
93%
seven
93%
She
93%
Somebody
93%
Someone
93%
Star
93%
take
93%
twenty
93%
We're
93%
who
93%
you
93%
You
93%
you'll
93%
asleep
86%
backseat
86%
enough
86%
fire
86%
from
86%
how
86%
is
86%
lives
86%
only
86%
She's
86%
she's
86%
want
86%
what
86%
burn
79%
cold
79%
dream
79%
freezing
79%
Full
79%
inside
79%
Looking
79%
much
79%
of
79%
Pretty
79%
screaming
79%
talk
79%
waking
79%
wanna
79%
wrong
79%
awake
71%
concrete
71%
Headed
71%
nightmare
71%
peaceful
71%
screeching
71%
straight
71%
tires
71%
veterans
71%
wide
71%
Now
64%
spiralling
43%

Score Distribution

Percentile by Number Answered

Percent of People with Each Score

Your Score History

You have not taken this quiz